书目信息 |
| 题名: |
生态工业园区规划理论与方法研究
|
|
| 作者: | 乔琦 , 夏训峰 , 姚扬 著 | |
| 分册: | ||
| 出版信息: | 北京 新华出版社 2006.11 |
|
| 页数: | 317页 | |
| 开本: | 20cm | |
| 丛书名: | ||
| 单 册: | ||
| 中图分类: | X171 | |
| 科图分类: | ||
| 主题词: | 环境生物学 | |
| 电子资源: | ||
| ISBN: | 7-5011-7729-5 | |
| 000 | 00676nam0 2200217 450 | |
| 001 | 0740047893 | |
| 005 | 20070402110859.48 | |
| 010 | @a7-5011-7729-5@dCNY33.00 | |
| 100 | @a20070402d2006 km y0chiy0120 ea | |
| 101 | 0 | @achi |
| 102 | @aCN@b110000 | |
| 200 | 1 | @a生态工业园区规划理论与方法研究@Asheng tai gong ye yuan qu gui hua li lun yu fang fa yan jiu@f乔琦,夏训峰,姚扬著@Fqiao qi,xia xun feng,yao yang zhu |
| 210 | @a北京@c新华出版社@d2006.11 | |
| 215 | @a317页@d20cm | |
| 606 | 0 | @a环境生物学 |
| 690 | @aX171@v3 | |
| 701 | 0 | @a乔琦@Aqiao qi@4著 |
| 701 | 0 | @a夏训峰@Axia xun feng@4著 |
| 701 | 0 | @a姚扬@Ayao yang@4著 |
| 801 | 0 | @aCN@c20070402 |
| 905 | @a10447@dX171@eQ332 | |
| 生态工业园区规划理论与方法研究/乔琦,夏训峰,姚扬著.-北京:新华出版社,2006.11 |
| 317页;20cm |
| ISBN 7-5011-7729-5:CNY33.00 |
| ● |
| 相关链接 |
|
|
|
正题名:生态工业园区规划理论与方法研究
索取号:X171/Q332
 
预约/预借
| 序号 | 登录号 | 条形码 | 馆藏地/架位号 | 状态 | 备注 |
| 1 | 448255 | 204482559 | 自科库501/501自科库 63排2列2层/ [索取号:X171/Q332] | 在馆 | |
| 2 | 448256 | 204482568 | 自科库501/501自科库 63排2列2层/ [索取号:X171/Q332] | 在馆 | |
| 3 | 448257 | 204482577 | 期刊室512/501自科库 63排2列2层/ [索取号:X171/Q332] | 在馆 |